00334pab a2200133 454500008004000000100002000040245004100060260000900101300001500110362001200125650002000137700001700157773002600174180718b2017 xxu||||| |||| 00| 0 eng d aSasidharan, Anu aAn unfortunate infant: a case report c2017 ap.126-129. aJan-Mar aEarly childhood aDileep Kumar aIndian Police Journal